000 00420nam a2200181Ia 4500
001 906
005 20260306140552.0
008 260306t2011||||xx |||||||||||||| ||spa||
041 _aESP
082 _a174
_bC32
100 _aCasares Ripol, Javier
_eAUT
245 0 _aÉtica, economía y política
260 _c2011
300 _a167 páginas :
_c24 cm.
650 _aGEN
654 _aCHU
942 _cLIB
_dJUS
_fJUS
_2ddc
_n
999 _c906
_d906